Lejos de casa (Registro nro. 17793)

Detalles MARC
000 -LDR (LÍDER)
Campo de control de longitud fija 01460nam a2200301 a 4500
003 - IDENTIFICADOR DEL NÚMERO DE CONTROL
Campo de control CO-PeBPR
005 - FECHA Y HORA DE LA ÚLTIMA TRANSACCIÓN
Campo de control 20260426090949.0
008 - ELEMENTOS DE DATOS DE LONGITUD FIJA--INFORMACIÓN GENERAL
Campo de control de longitud fija 260415e2024 ck a|||| n||| 00| 0 spa c
020 ## - Código Internacional normalizado para libros
Código Internacional normalizado para libros 9786289664706
040 0# - FUENTE DE CATALOGACIÓN
Agencia catalogadora original CO-PeBPR
Idioma de la agencia catalogadora spa
Agencia que transcribe CO-PeBPR
Norma para la descripción rda
041 0# - Código del Idioma
Código idioma del recurso original spa
082 04 - NÚMERO DE CLASIFICACIÓN DECIMAL DEWEY
Número de clasificación (i) Co863 S685l
100 1# - ASIENTO PRINCIPAL--NOMBRE PERSONAL
Nombre personal Soler Pulido, Juan Diego
Fechas asociadas al nombre 1982
Términos de relación autor
245 10 - MENCIÓN DE TÍTULO
Título propiamente dicho Lejos de casa
Mención de responsabilidad / Juan Diego Soler Pulido ; ilustraciones de Angie Alape
250 ## - MENCIÓN DE EDICIÓN
Mención de edición Edición especial
264 #1 - Área de la Producción Publicación, Distribución, Manufactura, etc.
Lugar de publicación, distribución, etc. Bogotá, Colombia
Nombre de la editorial, distribuidor, etc. : Ciencia Magnética
Fecha de publicación, distribución, etc. , 2024
300 ## - DESCRIPCIÓN FÍSICA
Extensión 28 páginas
Otros detalles físicos : Ilustraciones a color
Dimensiones ; 24 centímetros
336 ## - Tipo de Contenido
Tipo de contenido texto
Código de tipo de contenido txt
Fuente rdacontenido
337 ## - Tipo de Medio
Tipo de Medio sin mediación
Código de tipo de medio n
Fuente rdamedio
338 ## - Tipo de Soporte
Tipo de soporte volumen
Código de tipo de soporte nc
Fuente rdasoporte
520 ## - NOTA DE RESUMEN, ETC.
Nota de sumario Polaroso es un oso polar que, accidentalmente, llega a una playa en el trópico. Confundido y desesperado por el calor de este lugar, conoce a un perro de taller que se encargará de ayudarlo y guiarlo. Juntos emprenderán un viaje en busca de un lugar más frío donde polaroso pueda vivir y, de paso, entenderán por que cambia la temperatura en nuestro planeta y los riesgos de la crisis climática... Tomado de la contracubierta del libro.
521 ## - NOTA DE AUDIENCIA
Nota de audiencia Recomendado para 7 a 12 años.
650 14 - ASIENTO SECUNDARIO DE MATERIA - TÉRMINO TEMÁTICO
Fuente del encabezado o término LEMB
Encabezamiento temático Cuentos infantiles colombianos
650 14 - ASIENTO SECUNDARIO DE MATERIA - TÉRMINO TEMÁTICO
Fuente del encabezado o término LEMB
Encabezamiento temático Literatura infantil colombiana
650 14 - ASIENTO SECUNDARIO DE MATERIA - TÉRMINO TEMÁTICO
Fuente del encabezado o término LEMB
Encabezamiento temático Cambios climáticos en la literatura
700 1# - ASIENTO SECUNDARIO - NOMBRE PERSONAL
Nombre personal Alape, Angie
Término de relación, rol en la obra ilustradora
942 ## - ENTRADA DE ELEMENTOS AGREGADOS (KOHA
Fuente de clasificación o esquema de estantería. Dewey Decimal Classification
Tipo de ítem Literatura Infantil
Existencias
Estado de pérdida Fuente del sistema de clasificación o colocación Estado de daño No disponible para préstamo Colección Biblioteca de origen Biblioteca actual Ubicación en estantería Signatura topográfica completa Ejemplar Código de barras Tipo de ítem Fecha de adquisición Fuente de adquisición Total de pagos Fecha de la última vez visto
  Dewey Decimal Classification     Infantil Sala de Patrimonio Bibliográfico y Documental - Biblioteca Departamental Sala de Patrimonio Bibliográfico y Documental - Biblioteca Departamental Área Infantil (i) Co863 S685l Ej.1 RIBPD16078 Literatura Infantil 26/04/2026 Dotación MinCultura y BNC   26/04/2026